Andrew Wang

Illinois A


Categories

Beliefs64101251268.0069
Science - Biology5121753158.6746
Science - Chemistry5020651940.2045
Science - Physics1411506884.0025
Literature - European Literature3010404762.0033
History - European History0400407688.2523
Philosophy1201354189.3312
Literature - American Literature1200357072.3323
Literature - British Literature2111354990.3323
Social Science020020110121.0001
Other Arts: Visual0211158499.5011
Fine Arts - Auditory Fine Arts1000155959.0011
Other Science: Earth Science0100109696.0001
Religion010110151151.0000
Other Science: Astronomy0100107272.0001
Other Arts: Auditory010010105105.0011
Other Academic0100108989.0001
Chemistry>0100109090.0011
02211094112.0012

Buzzes

BeliefsCaesarian section1512
Science - Chemistryphosphorus1519
Other Arts: VisualButch Cassidy and the Sundance Kid-527
Science - Biologyreverse transcriptase1531
Science - Chemistrysurface area-533
Beliefseyes-533
Science - Chemistryelimination1534
Science - Biologypregnancy1541
PhilosophyGerman1541
Science - Chemistrycalibration1544